00836nam a2200181 a 450000100100000000500170001000800410002704000250006810000350009324500650012826000790019330000200027204900090029295201200030195201050042195201110052699900170063700002963520200930055707.0110419s1947 dr 000 0 spa d aDO-SdBNPbspacBNPHU1 aEnrique Hernández, J.95644613aLa revolución es el espíritu /cJ. Enrique Hernández,. aCiudad Trujillo, República Dominicana :bEditorial La Nación,c[1947]. a14 p. ;c27 cm. aBNPD 001054708DSaGRbGRcCTd2011-05-03iLF1l0o p29635-30r2020-06-25te. 3w2020-06-25yLFDSZPréstamo en sala 0010718PDaPDbPDcCTd2011-04-19iLF1l0o p29635-10r2020-06-25w2020-06-25yLFPDZNo se presta 0010718PDaPDbPDcCTd2011-05-03iLF1l0o p29635-20r2020-06-25te. 2w2020-06-25yLFPDZNo se presta c29127d29127